=LDR 00000nam 2200000 4500 =001 INLIS000000000017344 =005 20130612112538 =008 ***********************************Ind** =035 ##$$0010-061300000017344 =041 ##$$a Ind =082 ##$$a 570 =090 ##$$a 570 =100 ##$$a Bresnick, Steppen =245 ##$$a Intisari biologi, Steppen Brenick ; alih bahasa, Herlina Y. Handoko, Beatricia I Santoso ; editor, Dewi Angraini =260 ##$$a ilus $b xiv =300 ##$$a Jakarta, Hipokrates, 2003 =650 ##$$a Hayat-Ilmu =850 ##$$a NBPNMAT